000 00623nam a2200205Ii 4500
001 2444
003 CO-ViMGA
008 241108s9999||||xx |||||||||||||| ||und||
040 _aCO-ViMGA
_bspa
_erda
_cCO-ViMGA
041 0 _aspa
082 0 4 _a572.4 B375
100 1 _aCharles Berlitz
_945660
245 1 0 _aEl Misterio de la Atlántida
264 1 _aBogotá, Colombia : Círculo de Lectores, [Fecha de publicación no identificada]
300 _avolumen
336 _atext
_btxt
_2rdacontent
337 _aunmediated
_bn
_2rdamedia
338 _avolume
_bnc
_2rdacarrier
940 _aidficha_siabuc: 2396. -- ficha_no_siabuc:2444
999 _c40185
_d40185